000 00755nam a2200229Ii 4500
003 JO-AjNU
008 230605s9999||||xx |||||||||||||| ||und||
017 _a2006/10/2391
020 _a978-9957-454-50-0
040 _aJO-AjNU
_bara
_erda
_cJO-AjNU
041 _aara
050 1 4 _aBF441.H8784.2014
100 3 _aحسين، ثائر,
_eauthor
_946010
245 0 0 _aالشامل في مهارات التفكير
250 _aط3
264 3 1 _aعمان:مركز ديبونو للطباعة والنشر والتوزيع ،2014
300 _a253ص
336 _atext
_btxt
_2rdacontent
337 _aunmediated
_bn
_2rdamedia
338 _avolume
_bnc
_2rdacarrier
650 4 _aالتفكير-علم النفس-العمليات العقلية
_946011
999 _aA19986
_c23554
_d23554